000 00690nam a2200217Ia 4500
008 191130s1978##################000#0#eng##
020 _a0521219043
022 _a77027508
040 _aACL
_cACL
082 _a330.95105 LAR
100 _aLardy, Nicholas R
245 _aEconomic growth and distribution in China
_cNicholas R. Lardy
260 _aCambridge
_bCambridge University Press
_c1978
300 _ax, 244 p. ; 24 cm
500 _aIncludes index. Bibliography: p. 213-237
650 _aChina - Economic conditions - 1949-1976
650 _aChina - Economic policy - 1949-1976
990 _a6ebaa2dfac10000c0eb40f0b257aab6c
991 _a55366
999 _c156220
_d156220